<Die> neue Luftverkehrspoltik der Vereinigten Staaten ein Modell für Europa
Enregistré dans:
| Format: | Livre |
|---|---|
| Langue: | allemand |
| Publié: |
Kiel
Institut für Weltwirtschaft
1981
|
| Collection: | Kieler Diskussionsbeiträge
81 |
| Tags: |
Pas de tags, Soyez le premier à ajouter un tag!
|
MARC
| LEADER | 00000nam a2200000 4500 | ||
|---|---|---|---|
| 001 | c112847 | ||
| 005 | 20181203150321.5 | ||
| 041 | 0 | |a ger | |
| 044 | |a DE | ||
| 245 | 1 | 0 | |a <Die> neue Luftverkehrspoltik der Vereinigten Staaten ein Modell für Europa |
| 264 | 1 | |a Kiel |b Institut für Weltwirtschaft |c 1981 | |
| 300 | |a 49 s. | ||
| 490 | 1 | |a Kieler Diskussionsbeiträge |v 81 | |
| 830 | 0 | |a Kieler Diskussionsbeiträge |v 81 | |